000 00602nam a22001935i 4500
001 48419
003 ES-MaACL
005 20251005063041.0
007 t|
008 950718s1875 fr ||||1| fre d
040 _aCAM
_bspa
_cCAM
100 1 _aDebay, Auguste,
_d1802-1890
_943113
245 1 0 _aHygiène médicale des cheveux et de la barbe... /
_cpar A. Debay.
250 _a5e éd.
_baugmentée d'importantes découvertes.
260 _aParis :
_bE. Dentu,
_c1875 (
_ftyp. S. Lejay et Cie.)
300 _a[4], 337 p. ;
_c19 cm.
852 _aES-MaACL
_jD-3755
999 _c48419
_d48419